| 000 | 00629nam a2200217 i 4500 | ||
|---|---|---|---|
| 001 | 66733 | ||
| 003 | ES-MaACL | ||
| 005 | 20250807211348.0 | ||
| 007 | t| | ||
| 008 | 040325s2000 ag ||||1| spa d | ||
| 020 | _a950-786-276-5 | ||
| 080 | _a355-055.2(0:82) | ||
| 100 | 1 |
_aDulitzky, Jorge. _945970 |
|
| 245 | 1 | 0 |
_aMujeres de Egipto y de la Biblia / _cJorge Dulitzky. |
| 260 |
_aBuenos Aires : _bBiblos, _c[2000] |
||
| 300 |
_a386 p. : _bil. ; _c23 cm. |
||
| 650 | 7 |
_aMujeres en la Biblia _2embne _915334 |
|
| 650 |
_aMujeres- _xBiografĂas- _yHasta S.V. _9171472 |
||
| 852 | 4 |
_aES-MaACL _jL-27219 |
|
| 999 |
_c66733 _d66733 |
||